[Event "EICC 2019"]
[Site "Skopia"]
[Date "2019.03.29"]
[Round "11.22"]
[White "Moiseenko, Alexander"]
[Black "Georgiev, Kiril"]
[Result "1/2-1/2"]
[WhiteElo "2648"]
[BlackElo "2595"]
[Annotator "TA"]
[PlyCount "119"]
[EventDate "2019.03.18"]
[EventType "swiss"]
[EventCountry "MKD"]
[SourceTitle "playchess.com"]
[Source "ChessBase"]
[SourceQuality "1"]

{[%evp 19,119,9,8,19,20,0,28,27,46,21,35,25,31,12,29,30,36,30,38,11,48,41,45,41,63,46,47,36,49,37,42,45,52,28,33,36,39,23,26,10,25,8,13,10,18,2,2,0,5,4,15,20,24,31,20,14,17,15,18,8,7,0,0,0,0,0,7,0,8,8,8,0,0,0,0,8,38,38,34,54,38,33,62,13,27,8,14,8,12,0,0,0,0,0,22,0,7,0,37,0,19,0]} 1. d4 Nf6 2. c4 e6 3. Nc3 Bb4 4. Nf3 b6 5. e3 Bb7 6. Bd3 O-O 7. O-O c5 8. Na4 cxd4 9. a3 Be7 10. exd4 d6 11. Re1 {E43: Nimzo-Indian: Rubinstein: 4...b6} Nbd7 12. Be3 $146 ({Predecessor:} 12. b4 Re8 13. Nc3 Rc8 14. Bf4 a6 15. h3 Bf8 16. Bh2 g6 17. Bf1 Nh5 18. g4 Nhf6 19. Rc1 h6 20. Qd3 {1-0 (79) Matlakov,M (2668)-Yu,Y (2656) St Petersburg 2012}) 12... Ng4 13. Bf4 {White has an edge.} Re8 14. h3 Ngf6 $1 15. Rc1 Rc8 16. b4 Bf8 17. Nc3 a6 18. Bf1 g6 19. Nd2 e5 20. dxe5 Nxe5 21. Bg5 {Nde4 is the strong threat.} Be7 22. Bxf6 Bxf6 23. Nde4 Bg5 24. Nxg5 Qxg5 25. Nd5 {[#] Strongly threatening f4.} Nd7 {aiming for ...Rxe1.} 26. f4 Qh4 27. Qg4 Qxg4 28. Rxe8+ $1 Rxe8 29. hxg4 h6 30. Rd1 Kf8 $1 31. Nc3 Ke7 32. Kf2 g5 33. g3 Nf6 34. Be2 Rc8 35. Ke3 b5 36. Kd4 {And now Re1 would win.} bxc4 $1 37. Re1 Kf8 38. Rf1 {Hoping for fxg5.} gxf4 39. gxf4 Re8 40. Kxc4 Nd5 41. Nxd5 Rxe2 $11 {[%mdl 4096] Endgame KRB-KRN} 42. Rd1 Rc2+ 43. Kd4 Ra2 44. Rd3 Rf2 45. Ke3 Rh2 46. Kd4 Rf2 47. Kc3 Bc6 48. Ne3 Rxf4 49. Rxd6 {[%mdl 64] [#] Double Attack} Bb5 $1 50. Rxh6 f6 51. Rh3 Kg7 52. Kb3 Kg6 53. a4 Bd7 54. a5 Be6+ 55. Kc3 Re4 56. Rg3 Rf4 57. Rh3 Re4 58. Rg3 Rf4 59. Rh3 Re4 60. Rg3 {Accuracy: White = 42%, Black = 69%.} 1/2-1/2

[Event "EICC 2019"]
[Site "Skopia"]
[Date "2019.03.29"]
[Round "11.23"]
[White "Antipov, Mikhail Al."]
[Black "Kuzubov, Yuriy"]
[Result "0-1"]
[WhiteElo "2594"]
[BlackElo "2644"]
[Annotator "TA"]
[PlyCount "78"]
[EventDate "2019.03.18"]
[EventType "swiss"]
[EventCountry "MKD"]
[SourceTitle "playchess.com"]
[Source "ChessBase"]
[SourceQuality "1"]

{[%evp 14,77,25,25,24,16,6,22,29,41,41,34,38,26,35,28,29,35,33,15,15,16,14,6,15,0,0,0,0,0,0,-36,-24,-62,-51,-121,-131,-183,-190,-417,-169,-229,-222,-277,-278,-277,-270,-242,-227,-228,-191,-190,-190,-189,-181,-226,-226,-226,-226,-736,-726,-729,-718,-29986,-29987,-29999]} 1. e4 e5 2. Bc4 Nf6 3. d3 c6 4. Nf3 d5 5. Bb3 Bb4+ 6. Bd2 Bxd2+ 7. Nbxd2 Qc7 {C24: Bishop's Opening: 2...Nf6} (7... a5 8. a4 Bg4 9. h3 Bxf3 10. Qxf3 O-O 11. O-O dxe4 12. Nxe4 Nxe4 13. Qxe4 Nd7 14. Qe3 Re8 15. Rae1 Nf6 16. Re2 e4 {½-½ (16) Rapport,R (2731)-Ding,L (2813) Wijk aan Zee 2019}) 8. O-O {LiveBook: 3 Games} O-O 9. Re1 a5 {And now ...a4 would win.The position is equal.} 10. a4 Re8 $146 ({Predecessor:} 10... Nbd7 11. d4 exd4 12. exd5 cxd5 13. Nxd4 Nc5 14. Nf1 Bg4 15. Qd2 Qb6 16. Ne3 Rfd8 17. Nxg4 Nxg4 18. Nb5 Nxb3 19. cxb3 Rac8 20. Rad1 Nf6 21. g3 Ne4 22. Qe3 {½-½ (22) Moll,R (2601)-Vesely,P (2581) ICCF email 2016}) 11. d4 exd4 12. exd5 Rxe1+ 13. Qxe1 {Hoping for Ne4.} cxd5 14. Bxd5 Bd7 15. Bb3 {aiming for Qe7.} Nc6 16. Ne4 Qf4 17. Nxf6+ Qxf6 18. Qd2 Bg4 19. Ng5 h6 20. Ne4 ({Much worse is} 20. Nxf7 Be6 $17) 20... Qg6 21. Re1 Rd8 22. Qf4 Be6 $40 {[%mdl 128] Black has some attack.} 23. Bxe6 Qxe6 24. Qd2 (24. Rc1 $15) 24... Qa2 $1 $17 25. Qf4 (25. b3 $17) 25... Qxb2 $19 26. Nd6 $2 (26. Qf5) 26... Rf8 (26... Qb4 $142 $1 {[%cal Rb4e1]} 27. Qxf7+ {[%mdl 64] Double Attack} Kh8 28. Re8+ Rxe8 29. Qxe8+ Kh7 30. Qe4+ g6) 27. h4 (27. Qe4 $142) 27... Qxc2 28. Rc1 Qe2 ({Don't do} 28... Qxa4 29. Nxb7 Qb5 30. Nd6 $19) 29. Rc5 d3 30. Rd5 Ne7 31. Rd4 Ng6 32. Qe3 Qxe3 33. fxe3 {[%mdl 4096] Endgame [#] KRN-KRN} Ne5 $1 34. Nxb7 Rb8 35. Nxa5 {[#]} Ng4 $1 {[%cal Rb8b1][%mdl 512]} 36. g3 $2 (36. Rxg4 Rb1+ 37. Kf2) 36... Rb1+ 37. Kg2 Rb2+ 38. Kf3 {[#]} f5 $1 {[%csl Gg4][%cal Rb2f2]} 39. Nc4 Rf2# {Accuracy: White = 42%, Black = 81%.} 0-1

[Event "EICC 2019"]
[Site "Skopia"]
[Date "2019.03.29"]
[Round "11.24"]
[White "Alekseev, Evgeny"]
[Black "Huzman, Alexander"]
[Result "1-0"]
[WhiteElo "2640"]
[BlackElo "2582"]
[Annotator "TA"]
[PlyCount "89"]
[EventDate "2019.03.18"]
[EventType "swiss"]
[EventCountry "MKD"]
[SourceTitle "playchess.com"]
[Source "ChessBase"]
[SourceQuality "1"]

{[%evp 10,89,6,-16,-13,-11,0,-5,-12,-52,-47,-56,-46,-58,-33,-73,-12,-13,-8,-2,0,0,0,-24,0,-43,-43,-41,-14,-13,0,0,0,0,0,0,0,0,0,0,60,77,62,64,95,75,94,94,169,161,166,159,159,158,195,197,200,189,202,186,226,225,220,210,224,222,320,283,315,316,309,294,301,299,443,441,428,422,328,204,29997,29998]} 1. c4 g6 2. Nc3 c5 3. g3 Bg7 4. Bg2 Nc6 5. d3 e6 6. Nh3 Nge7 {A36: Symmetrical English vs ...g6: 4 Bg2 Bg7} 7. Nf4 a6 8. Qd2 (8. h4 h6 9. Qd2 b5 10. cxb5 axb5 11. Nxb5 d5 12. e4 Ba6 13. exd5 Bxb5 14. dxc6 Bxc6 {0-1 (36) Short,N (2664)-Kasparov,G (2812) Saint Louis 2015}) 8... b5 {The position is equal.} 9. Ne4 $146 ({Predecessor:} 9. Nxb5 axb5 10. cxb5 Bb7 11. bxc6 Bxc6 12. h4 h5 13. O-O O-O 14. Qc2 {0-1 (56) Cummings,D-Vranesic,Z (2400) London 1977}) 9... d6 10. Rb1 Bb7 11. O-O O-O 12. b3 Qd7 ({Black should play} 12... e5 $17 13. Nh3 Qd7) 13. Bb2 $11 e5 14. Nd5 f5 15. Nec3 {Strongly threatening Nb6.} Nxd5 16. cxd5 Ne7 17. f4 exf4 18. gxf4 b4 19. Na4 Nxd5 20. Bxd5+ Bxd5 21. Nb6 {[%mdl 64] [#] Double Attack} Qe6 22. Bxg7 Kxg7 23. Nxa8 Bxa8 24. Kf2 Qd5 (24... Qe7 $11) 25. Rg1 Re8 26. Qb2+ Kf7 27. Rg3 Qe6 28. Rbg1 Qf6 (28... a5 $16 {keeps fighting.}) 29. Qxf6+ $18 Kxf6 {[%mdl 4096] Endgame [#] KRR-KRB} 30. Rh3 $1 {[%cal Rh3h7]} Re7 31. Re3 Ra7 32. Re8 a5 33. d4 cxd4 34. Rd1 Be4 35. Rxd4 d5 36. Rc8 Ra6 37. h4 h6 (37... Kg7 {is a better defense.} 38. Rc7+ Kh6) 38. Rd1 g5 39. hxg5+ hxg5 40. fxg5+ Kxg5 41. Ke3 a4 (41... d4+ $142 42. Rxd4 Bb1) 42. Rg1+ Kf6 43. Kf4 axb3 44. Rcg8 {White wants to mate with R8g7.} ({Don't play} 44. axb3 Re6 $18) 44... bxa2 $2 (44... Re6 $18) 45. R8g7 {Accuracy: White = 76%, Black = 39%.} 1-0

[Event "EICC 2019"]
[Site "Skopia"]
[Date "2019.03.29"]
[Round "11.25"]
[White "Ter-Sahakyan, Samvel"]
[Black "Volokitin, Andrei"]
[Result "0-1"]
[WhiteElo "2590"]
[BlackElo "2635"]
[Annotator "TA"]
[PlyCount "86"]
[EventDate "2019.03.18"]
[EventType "swiss"]
[EventCountry "MKD"]
[SourceTitle "playchess.com"]
[Source "ChessBase"]
[SourceQuality "1"]

{[%evp 21,86,11,17,0,0,-5,0,-52,-58,-102,-72,-97,-70,-70,-70,-74,-74,-74,-91,-74,-65,-84,-104,-100,-86,-105,-81,-95,20,25,230,87,84,0,0,-55,0,0,89,11,37,0,0,0,0,0,0,0,0,0,0,47,44,-394,-394,-5252,-5550,-29959,-5227,-29947,-5493,-29987,-29988,-29988,-29989,-29992,-29993]} 1. e4 e5 2. Nf3 Nf6 3. Nxe5 d6 4. Nf3 Nxe4 5. Nc3 Nxc3 6. dxc3 Be7 7. Be3 O-O 8. Qd2 {C42: Petroff Defence: 3 Nxe5 and unusual White 3rd moves} Nd7 {[%cal Bb8d7,Bd7c5,Bc5e4,Be4c3][%mdl 32]} 9. O-O-O c6 (9... Nf6 10. Bd3 c5 11. Rhe1 Be6 12. Kb1 Qa5 13. c4 Qxd2 14. Bxd2 h6 15. Nh4 Rfe8 {½-½ (55) Carlsen,M (2835)-Caruana,F (2832) London 2018}) 10. Kb1 d5 11. h4 Re8 {LiveBook: 7 Games} 12. h5 h6 13. Nd4 $146 ({Predecessor:} 13. Be2 Nf6 14. Nd4 Ne4 15. Qe1 Bg5 16. f4 Bf6 17. Bf3 Nd6 18. Qf2 Ne4 19. Qe1 Nd6 20. Qf2 Ne4 {½-½ (20) Popov,I (2611)-Ter Sahakyan,S (2547) St Petersburg 2018}) 13... Nc5 14. g4 (14. f3 $11) 14... Ne4 $1 $15 {[%cal Re4d2]} (14... Bxg4 $6 15. f3 $11) 15. Qc1 c5 $1 {[%cal Rc5d4]} 16. Nf5 Bxf5 17. gxf5 {Threatening f3.} Qb6 18. Ka1 Bf6 {...d4 is the strong threat.} 19. Rg1 Nxc3 $1 20. Rd3 Rxe3 21. fxe3 Na4 {[%cal Rf6b2]} 22. Rb3 Qa5 {[%mdl 1024] Black has strong compensation.} 23. c4 (23. Rxb7 $2 Nxb2 24. Rxb2 Bc3 $19) 23... Rd8 24. Rg2 (24. Rxb7 $6 d4 $14) 24... d4 (24... dxc4 $17 25. Bxc4 Nb6) 25. e4 $36 {[%mdl 2048] White has good play.} Kh7 $2 (25... Bg5 $11 {and Black has nothing to worry.} 26. Qb1 Qc7) 26. Bd3 ({Inferior is} 26. Rxb7 d3 $15) (26. e5 $1 $18 {[%cal Re5f6] is the precise move to win.} Bxe5 27. f6 (27. Rxb7 d3 $17) 27... Bxf6 28. Bd3+ Kg8 29. Rb5 (29. Rxb7 Qa6 $11)) 26... Qc7 $16 {[#]} 27. Qe1 ({White should try} 27. e5 $1 $16 {[%mdl 512]} Qxe5 28. Rxb7) 27... Re8 $1 $11 28. Qg3 (28. e5 $11 Rxe5 29. Re2 Rxe2 30. Qxe2) 28... Be5 ({Better is} 28... Re5 $15) 29. Qg4 {Strongly threatening f6!} Kh8 {[#]} (29... Bf6 $11 {keeps the balance.}) 30. Ra3 (30. f6 $1 $16 Bxf6 31. Ra3) 30... b5 {[%cal Bb7b5,Bb5b4][%mdl 32]} 31. Rc2 Qa5 {( -> ...Qe1+)} 32. Kb1 $1 b4 $1 {[%cal Rb4a3]} ({Much weaker is} 32... Qe1+ $6 33. Rc1 $16) 33. f6 $1 {[%csl Gf6][%cal Rg4g7]} Rg8 $1 34. Rb3 gxf6 ({Don't blunder} 34... Bxf6 $2 {[#]} 35. e5 $1 $18 {[%mdl 512]}) 35. Qd7 Rg1+ 36. Rc1 Rg2 37. Qxf7 $2 {[%mdl 8192] [#]} (37. Bf1 $14 {stays ahead.} Rg1 38. Qxf7) 37... Nc3+ $1 $19 {[%mdl 512]} 38. Rcxc3 $2 (38. Rbxc3 dxc3 39. Qe8+ Rg8 40. Qb5) (38. bxc3 Qxa2#) 38... dxc3 {[%cal Bd4c3,Bc3b2][%mdl 32]} 39. Qf8+ Kh7 40. Qf7+ Rg7 41. Qe6 Rg1+ {Black mates.} 42. Kc2 Qxa2 {[%csl Gg1][%cal Ra2b1]} 43. Bf1 cxb2 {Precision: White = 28%, Black = 67%.} 0-1

[Event "EICC 2019"]
[Site "Skopia"]
[Date "2019.03.29"]
[Round "11.26"]
[White "Hovhannisyan, Robert"]
[Black "Halkias, Stelios"]
[Result "1/2-1/2"]
[WhiteElo "2634"]
[BlackElo "2552"]
[Annotator "TA"]
[PlyCount "230"]
[EventDate "2019.03.18"]
[EventType "swiss"]
[EventCountry "MKD"]
[SourceTitle "playchess.com"]
[Source "ChessBase"]
[SourceQuality "1"]

{[%evp 16,230,12,1,11,23,16,16,8,1,4,12,47,47,43,30,46,43,45,-67,-68,-66,-48,-42,16,16,31,23,25,26,26,22,48,41,366,368,355,290,261,270,316,302,303,291,267,260,402,183,164,162,428,435,397,0,145,155,133,147,140,0,0,0,52,0,0,0,0,0,0,0,0,0,0,0,0,0,39,41,83,75,82,28,27,6,18,14,54,0,0,0,0,0,0,0,181,0,0,0,0,0,0,0,0,0,0,0,0,0,0,0,0,0,0,0,0,0,0,0,0,0,0,0,0,0,0,0,0,0,0,0,0,0,0,0,0,0,0,0,0,0,0,0,0,0,0,0,0,0,0,0,0,0,0,0,0,0,0,0,0,0,0,0,0,0,0,0,0,0,0,0,0,0,0,0,0,0,0,0,0,0,0,0,0,0,0,0,0,0,0,0,0,0,0,0,0,0,0,0,0,0,0,0,0,0,0,0,0,0,0,0,0,0,0,0,0,0,0]} 1. e4 e5 2. Nf3 Nc6 3. Bb5 a6 4. Ba4 Nf6 5. Nc3 b5 6. Bb3 Be7 7. O-O d6 8. a3 {[%cal Ba2a3,Ba3a4][%mdl 32]} O-O 9. d3 Nb8 {C77: Ruy Lopez: 3...a6 4 Ba4 Nf6, unusual lines} 10. Bd2 Nbd7 11. a4 b4 $146 ({Predecessor:} 11... Rb8 12. axb5 axb5 13. Ba2 c6 14. Ne2 d5 15. Ng3 Bc5 16. exd5 cxd5 17. d4 exd4 {1-0 (55) Bacrot,E (2715)-Wojtaszek,R (2745) Linares 2017}) 12. Nd5 a5 13. Be3 c6 14. Nxe7+ Qxe7 15. Nh4 Nc5 16. Bxc5 $1 dxc5 17. f4 (17. Qf3 $14) 17... Ng4 $15 18. Qe1 c4 19. Bxc4 Qa7+ ({Black should try} 19... exf4 $15 20. Nf3 Ne3) 20. Kh1 $11 Ne3 21. f5 $1 {Black must now prevent Qg3.} Nxf1 22. Qxf1 Qe7 23. Nf3 Bd7 24. g4 g5 $2 {[%mdl 8192] [#]} (24... Bc8 $14) 25. h4 $1 $18 {[%mdl 512]} gxh4 26. Qc1 {aiming for Qh6.} Kg7 27. g5 f6 28. Qe3 fxg5 29. Rg1 Kh8 30. Rxg5 c5 (30... Be8 $142 31. d4 Bf7) 31. Nxh4 (31. Qe1 $142) 31... Be8 32. Rg4 {Strongly threatening Qh6.} Bf7 $2 (32... Rd8 33. Qh6 Rd6) 33. Qh6 {[%csl Gg4][%cal Rh6g7]} Rg8 {[#]} 34. Ng6+ $2 ({White has to play} 34. Bxf7 $1 $18 {[%mdl 512]} Qxf7 35. Ng6+ Rxg6 36. Rxg6) 34... Rxg6 (34... Bxg6 $1 $11 {remains equal.} 35. Bxg8 (35. Rxg6 Rxg6 36. fxg6 Qg7 $17) (35. fxg6 Rg7 $15) 35... Bxf5) 35. fxg6 $16 {[%csl Gg6][%cal Rh6h7]} Bxc4 36. dxc4 $11 {[%mdl 4096] Endgame KQR-KQR} Rg8 {[#]} 37. Qh5 (37. Qg5 $1 $16 {[%cal Rg5e7]} Rg7 38. Qxe7 Rxe7 39. gxh7) 37... Rg7 38. Kh2 Qd6 (38... Qf6 $11) 39. Kh3 (39. Rg2 $14) 39... Qd4 40. Qf5 $40 {[%mdl 128] Qf8+ would kill now. Black needs to defend precisely.} Qe3+ 41. Rg3 {Intending Qf8+ and mate.} Qh6+ {[%mdl 64] Double Attack} 42. Kg2 {Threatening mate with Qf8+.} Qd2+ {[%mdl 64] Double Attack} 43. Qf2 (43. Kh3 {looks sharper.} Qh6+) 43... Qxf2+ 44. Kxf2 Rxg6 {KR-KR} 45. Rd3 Rh6 46. Kg3 {And now Rd5 would win.} Rh1 47. Rd5 Rc1 48. Rxe5 ({Better is} 48. b3 $16) 48... Rxc2 49. Rxc5 b3 50. Kf4 ({Don't do} 50. Rxa5 Rxc4 51. Kf4 Rc2 $16) 50... Rxb2 51. Rxa5 (51. Ke3 $1 $14) 51... Rc2 $1 52. c5 b2 53. Rb5 Kg7 54. c6 Kf6 $2 {[#]} (54... Rxc6 $11 {and Black stays safe.} 55. Rxb2 Ra6) 55. c7 $2 (55. a5 $1 $18) 55... Rxc7 {The position is equal.} 56. Rxb2 Ra7 $1 57. e5+ Ke6 58. Rb6+ Ke7 59. Rb4 Ke6 60. Rb6+ Ke7 61. Kf5 Rxa4 62. Rb7+ Kf8 63. Kf6 {[%cal Rb7b8]} ({Much less strong is} 63. Rxh7 $6 Ke8 $16) 63... Rf4+ $1 64. Ke6 Re4 65. Rxh7 Re1 66. Rf7+ Ke8 67. Ra7 {[%cal Ra7a8]} (67. Rf2 {feels hotter.} Rb1 68. Rd2 Rb6+ 69. Rd6 Rb1 70. Rd7) 67... Kf8 68. Ra2 Re3 69. Ra8+ Kg7 70. Kd6 {Hoping for e6.} Kf7 71. Ra7+ Ke8 72. Re7+ Kf8 73. Rb7 Ke8 74. Ke6 {[%cal Rb7b8]} (74. e6 {with more complications.} Rd3+ 75. Ke5 Rd2 76. e7 Rd1 77. Rb8+) 74... Kf8 75. Rb1 Re2 76. Rb8+ Kg7 77. Re8 Ra2 78. Rd8 Re2 79. Rd5 Kf8 80. Rd3 Re1 81. Rf3+ Ke8 82. Rh3 {[%cal Rh3h8]} Kf8 83. Rh2 Re3 84. Rd2 Re1 85. Kd6 Kf7 86. Rf2+ Ke8 87. Rh2 Kf7 88. Rh7+ Ke8 89. Rh6 Re2 90. Re6+ Kd8 91. Rg6 {[%cal Rg6g8]} Ke8 92. Rg7 Re1 93. Ke6 {[%cal Rg7g8]} (93. Rg4 {is interesting.} Re2 94. Kc7 Rxe5 95. Kc6 Re6+ 96. Kb5) 93... Kf8 94. Rg4 Re2 95. Rf4+ Ke8 96. Kf6 Re1 97. Ra4 Re2 98. Ra1 Re3 99. Ra6 Re1 100. Re6+ Kf8 $1 101. Re7 Re2 102. Rf7+ Ke8 {( -> ...Rf2+)} 103. Rc7 Re1 104. Ke6 {[%cal Rc7c8]} (104. Rc6 {keeps more tension.} Rf1+ 105. Kg5 Ke7 106. Kh4 Rh1+ 107. Kg3) 104... Kf8 105. Rc8+ Kg7 106. Re8 Ra1 107. Re7+ Kf8 {...Ra6+ is the strong threat.} 108. Rd7 Re1 109. Rd8+ Kg7 110. Rd5 Kf8 111. Kd7 {Threatens to win with e6.} Kf7 112. Kd6 Re3 113. Rd1 Re2 114. Rf1+ Ke8 115. e6 Rd2+ {Accuracy: White = 65%, Black = 73%.} 1/2-1/2

[Event "EICC 2019"]
[Site "Skopia"]
[Date "2019.03.29"]
[Round "11.27"]
[White "Kobalia, Mikhail"]
[Black "Demuth, Adrien"]
[Result "1/2-1/2"]
[WhiteElo "2627"]
[BlackElo "2510"]
[Annotator "TA"]
[PlyCount "156"]
[EventDate "2019.03.18"]
[EventType "swiss"]
[EventCountry "MKD"]
[SourceTitle "playchess.com"]
[Source "ChessBase"]
[SourceQuality "1"]

{[%evp 9,156,27,36,29,29,37,30,32,47,8,30,0,5,0,-4,-4,50,0,0,0,0,-9,0,-33,-18,-14,-19,-37,-43,-36,-53,-236,-210,-214,-229,-226,-200,-212,-50,-58,-69,-110,-124,-122,-122,-122,-111,-139,-90,-108,-84,-83,-64,-64,-64,-64,-64,-64,-64,-64,-64,-64,-64,-64,-64,-64,-64,-64,-39,-64,-40,-40,-40,-64,-64,-64,-63,-63,-63,-63,-63,-63,-63,-63,-63,-63,-35,-63,-35,-63,-35,-63,-40,-40,-40,-40,-40,-40,-35,-35,-35,-35,-35,-35,-24,-24,-24,-24,0,0,0,0,0,0,0,0,0,0,0,0,0,0,0,-8,0,0,0,0,0,0,0,0,0,0,0,0,0,0,0,0,0,0,0,0,0,0,0,0,0]} 1. e4 e5 2. Nf3 Nc6 3. Bb5 g6 4. c3 a6 5. Bc4 Bg7 6. d4 {C60: Ruy Lopez: Unusual Black 3rd moves and 3...g6} exd4 7. cxd4 b5 $146 (7... d6 8. O-O Nf6 9. Nc3 O-O 10. d5 Ne5 11. Nxe5 dxe5 12. Be3 Ne8 {1-0 (58) Grischuk,A (2766)-Mamedyarov,S (2808) Leuven 2018}) 8. Be2 {White has an edge.} d6 9. d5 Nce7 10. a4 b4 11. Nbd2 Nf6 12. Qc2 Bb7 (12... O-O $11) 13. O-O ({White should play} 13. Nc4 $14) 13... O-O $11 14. Rd1 c6 15. dxc6 Bxc6 16. e5 dxe5 17. Nxe5 Bb7 18. Ndc4 Qc7 19. Bf4 Nfd5 $36 {[%mdl 2048] Black has good play.} 20. Bf3 $2 {[#]} (20. Bg3 $15 Nf5 21. Bf3) 20... Rac8 $1 $19 ({Stronger than} 20... Nxf4 21. Rd7 $14) 21. Qc1 Nxf4 22. Qxf4 {Rd7 is the strong threat.} Bxf3 23. Rd7 {[#]} Bxe5 $2 (23... Qb8 $1 $19 24. Rxe7 Bd5) 24. Nxe5 $15 Nd5 {[%cal Be7d5,Bd5f4,Bf4d3][%mdl 32]} 25. Rxc7 Nxf4 26. Rxc8 Rxc8 27. Nxf3 {[%mdl 4096] Endgame KRN-KRN} Rc2 28. b3 Nd3 29. Nd4 Rb2 ({Inferior is} 29... Rxf2 30. Rd1 $16) 30. h3 Nc5 31. Rc1 Nxb3 32. Nxb3 Rxb3 {KR-KR} 33. Rc6 Rb1+ 34. Kh2 Rf1 35. Rxa6 Rxf2 36. Rb6 Rb2 37. h4 b3 38. Kh3 Kg7 39. a5 Ra2 40. Rxb3 Rxa5 41. Rb2 Ra3+ 42. g3 Re3 43. Kg2 Re4 44. Kf3 Rc4 45. Ra2 h6 46. Ra5 Rc3+ 47. Kf2 Rc6 48. Kg2 Kf6 49. Kf3 Ke6 50. Kf2 f5 51. Rb5 Kf6 52. Ra5 Rb6 53. Kg2 g5 54. hxg5+ hxg5 55. Ra2 Rd6 56. Kf2 Rd3 57. Ra6+ Ke5 58. g4 f4 {White must now prevent ...Rg3.} 59. Rg6 $1 {The position is equal.} Ke4 60. Re6+ Kd4 {aiming for ...Rg3.} 61. Rg6 $1 Rd2+ (61... Rg3 $5 {[%cal Rg3g4]} 62. Rxg5 Ra3 $11) 62. Kf3 $1 Rd3+ 63. Kf2 Ra3 64. Rxg5 Ke4 {And now ...Ra2+ would win.} 65. Rb5 Ra2+ 66. Kf1 f3 67. g5 $1 Ke3 {( -> ...Ra1+)} 68. Rb1 Rh2 {[%cal Rh2h1]} 69. Kg1 $1 {[%cal Rg1h2]} Rh5 70. g6 f2+ 71. Kg2 Rg5+ {[%mdl 64] Double Attack} 72. Kh2 Rxg6 (72... Rb5 $5 {[%cal Rb5b1]} 73. Ra1 Rh5+ 74. Kg3 Rg5+ 75. Kh2 Rxg6 $15) 73. Rb3+ Ke4 (73... Ke2 $5 74. Rb2+ $8 Kf3 75. Rb3+ Kf4 76. Rb4+ Kf3 77. Rb3+ Ke4 78. Rb4+ Kf5 79. Rb5+ Kf4 80. Rb4+ Kf5 81. Rb5+ Kf4 82. Rb4+ $11) 74. Rb4+ $1 Kd3 75. Rb3+ Kc2 76. Rf3 Rd6 77. Rxf2+ Rd2 78. Rxd2+ Kxd2 {Accuracy: White = 64%, Black = 55%.} 1/2-1/2

[Event "EICC 2019"]
[Site "Skopia"]
[Date "2019.03.29"]
[Round "11.28"]
[White "Demidov, Mikhail"]
[Black "Onischuk, Vladimir"]
[Result "1/2-1/2"]
[WhiteElo "2520"]
[BlackElo "2626"]
[Annotator "TA"]
[PlyCount "144"]
[EventDate "2019.03.18"]
[EventType "swiss"]
[EventCountry "MKD"]
[SourceTitle "playchess.com"]
[Source "ChessBase"]
[SourceQuality "1"]

{[%evp 16,144,38,27,46,-3,55,47,46,41,71,72,84,68,107,32,28,30,81,29,30,31,35,0,11,0,0,0,0,0,0,0,0,-7,0,-31,-31,-24,17,39,128,-39,0,0,0,0,0,0,0,0,108,108,102,29,26,24,33,-6,44,0,141,141,135,0,0,0,0,0,0,0,0,0,6,0,0,0,0,0,0,0,0,0,12,0,0,0,0,0,0,0,0,0,0,0,0,0,0,0,0,0,0,0,0,0,0,0,0,0,0,0,0,0,0,0,0,0,0,0,0,-8,0,0,0,0,0,0,0,0,0,0,0]} 1. d4 d6 2. e4 Nf6 3. Nc3 g6 4. f4 Bg7 5. Nf3 O-O 6. Bd3 Na6 7. O-O c5 8. d5 Bg4 9. Kh1 Nc7 {B09: Pirc Defence: Austrian Attack} (9... Rb8 10. a4 e6 11. dxe6 fxe6 12. Bc4 Nc7 13. h3 Bxf3 14. Qxf3 Kh8 15. Be3 Qe7 16. Rad1 b6 17. Bc1 Rbd8 18. Kh2 Nh5 19. Qg4 a6 20. g3 Bd4 21. Ne2 Bg7 22. Nc3 Bd4 23. Ne2 Bg7 24. Nc3 {½-½ (24) Lobanov,S (2526)-Tukhaev,A (2527) St Petersburg 2018}) 10. h3 Bxf3 (10... Bd7 $11) 11. Qxf3 $14 a6 {White is slightly better.} 12. a4 Rb8 13. a5 e6 14. dxe6 $146 ({Predecessor:} 14. f5 Nd7 15. Qg3 Ne5 16. Bg5 f6 17. Bf4 exf5 18. exf5 {1-0 (31) Chen,Q (2345)-Petrova,I (2174) St Petersburg 2017}) 14... Nxe6 15. Bc4 (15. Qf2 $16) 15... Nd4 16. Qf2 Qd7 (16... d5 $11 {keeps the balance.} 17. exd5 Nf5) 17. Be3 (17. f5 $16) 17... Rbe8 18. Bd3 Qc7 19. Rae1 Qxa5 20. f5 Qd8 21. Bg5 h6 22. Bxf6 Bxf6 23. Nd5 {Threatens to win with fxg6.} Kg7 24. Re3 Bg5 25. f6+ Kh7 26. Ree1 {Strongly threatening h4.} Re5 27. c3 $36 {[%mdl 2048] White has the initiative.} (27. h4 Bxh4 $1 {[%mdl 512]} 28. Qxh4 Rh5 $17) 27... Ne6 (27... Nc6 $1 $14) 28. Be2 $2 (28. g4 $1 $16) 28... h5 29. h4 Bd2 30. Rd1 Bh6 31. g4 hxg4 32. Bxg4 Rxd5 (32... Nc7 $11) 33. exd5 $16 Nf4 34. Qg3 ({Better is} 34. Qh2 $1 $16 Qxf6 35. Rde1) 34... Qxf6 $11 35. Rde1 Kg7 36. Rf3 {[%mdl 1024] White has compensation.} Rh8 37. Kg1 g5 {[#]} (37... Qd8 $1 $11 {remains equal.}) 38. Re4 $1 $16 Qg6 {[#]} 39. Bf5 ({White should play} 39. hxg5 $1 $16 {[%mdl 512]} Bxg5 (39... Qxg5 40. Rexf4) 40. Rexf4 (40. Rfxf4 Bxf4 41. Qxf4 Rh5 $16) 40... Bxf4 41. Qxf4 (41. Rxf4 Rh5 $16)) 39... gxh4 $11 {The position is equal.} 40. Bxg6 hxg3 41. Bf5 Kf6 42. Bd7 b5 43. b3 Rh7 44. c4 Bg5 45. Rexf4+ Bxf4 46. Rxf4+ {[%mdl 4096] Endgame KRB-KR} Ke5 47. Rf5+ Ke4 48. Rf1 Rg7 49. Kg2 bxc4 50. bxc4 Kd4 51. Rf6 Rg6 52. Rf4+ Kc3 53. Be8 Rg8 54. Bc6 ({Of course not} 54. Bxf7 Rf8 $17) 54... a5 55. Rxf7 Kxc4 56. Rd7 Rg6 57. Ra7 Kb4 58. Rb7+ Kc3 59. Ra7 Kb4 60. Rb7+ Kc3 61. Rb5 a4 62. Ra5 c4 63. Rxa4 Kb3 64. Ra6 c3 {Hoping for ...Rg4.} 65. Bd7 Rg5 66. Rxd6 {And now Rc6 would win.} c2 67. Rb6+ Ka2 68. Rc6 Kb2 69. d6 Rd5 70. Rb6+ Ka3 71. Rc6 Rxd6 72. Rxc2 {Bg4 is the strong threat.} Rxd7 {Accuracy: White = 47%, Black = 58%.} 1/2-1/2